Introducing physical geography / (Record no. 101861)

MARC details
000 -LEADER
fixed length control field 01042nam a22002777a 4500
005 - DATE AND TIME OF LATEST TRANSACTION
control field 20170511100926.0
010 ## - LCCN (DPL NO)
LC control number 1617EN ENG-116896
020 ## - INTERNATIONAL STANDARD BOOK NUMBER
International Standard Book Number 9788126562251
Terms of availability 899.00
035 ## - SYSTEM CONTROL NUMBER
System control number 1617EN
035 ## - SYSTEM CONTROL NUMBER
System control number B-653751-764
035 ## - SYSTEM CONTROL NUMBER
System control number EN-100428
035 ## - SYSTEM CONTROL NUMBER
System control number B-665153
037 ## - SOURCE OF ACQUISITION
Source of stock number/acquisition ABC
037 ## - SOURCE OF ACQUISITION
Source of stock number/acquisition DBAD/PUB
082 ## - DEWEY DECIMAL CLASSIFICATION NUMBER
Classification number 910.02
100 ## - MAIN ENTRY--PERSONAL NAME
Personal name Strahler, Alan
245 ## - TITLE STATEMENT
Title Introducing physical geography /
Statement of responsibility, etc by Alan Strahler
250 ## - EDITION STATEMENT
Edition statement 6th ed
260 ## - PUBLICATION, DISTRIBUTION, ETC. (IMPRINT)
Date of publication, distribution, etc 2016
Place of publication, distribution, etc New Delhi
Name of publisher, distributor, etc John Wiley
270 ## - ADDRESS
Address 4435-36/7, Ansari Road,Daryaganj
City New Delhi
Postal code 110002
300 ## - PHYSICAL DESCRIPTION
Dimensions 25cm(pbk)
Extent xviii,641p
Other physical details ill.(maps)
500 ## - GENERAL NOTE
General note includes index
942 ## - ADDED ENTRY ELEMENTS (KOHA)
Item type English Books
Source of classification or shelving scheme Dewey Decimal Classification
Classification part 910.02
Call number suffix STR
Holdings
Withdrawn status Lost status Not for loan Collection code Home library Current library Date acquired Source of acquisition Cost, normal purchase price Full call number Barcode Copy number Cost, replacement price Koha item type
      Non-fiction Ashok Vihar Ashok Vihar 11/05/2017 BPPD/EN/2016-17/AV/16-17/452/15.2.2017/5058/28.2.2017/ 7.3.2017 899.00 910.02 STR B-665153 1 899.00 English Books
      Non-fiction Bawana Bawana 20/02/2017 BPPD/En/2016-17/286/24.11.2016/4986/28.11.2016/4.1.2017 899.00 910.02 STR B-653758 1 899.00 English Books
      Non-fiction Bawana Bawana 20/02/2017 BPPD/En/2016-17/286/24.11.2016/4986/28.11.2016/4.1.2017 899.00 910.02 STR B-653760 1 899.00 English Books
      Non-fiction Bawana Bawana 20/02/2017 BPPD/En/2016-17/286/24.11.2016/4986/28.11.2016/4.1.2017 899.00 910.02 STR B-653762 1 899.00 English Books
      Non-fiction Central Library Central Library 20/02/2017 BPPD/En/2016-17/286/24.11.2016/4986/28.11.2016/4.1.2017 899.00 910.02 STR B-653751 1 899.00 English Books
      Non-fiction Janak Puri Janak Puri 20/02/2017 BPPD/En/2016-17/286/24.11.2016/4986/28.11.2016/4.1.2017 899.00 910.02 STR B-653755 1 899.00 English Books
      Non-fiction Kasturba Gandhi Marg Kasturba Gandhi Marg 20/02/2017 BPPD/En/2016-17/286/24.11.2016/4986/28.11.2016/4.1.2017 899.00 910.02 STR B-653754 1 899.00 English Books
      Non-fiction Narela Narela 20/02/2017 BPPD/En/2016-17/286/24.11.2016/4986/28.11.2016/4.1.2017 899.00 910.02 STR B-653761 1 899.00 English Books
      Non-fiction New Police Line New Police Line 20/02/2017 BPPD/En/2016-17/286/24.11.2016/4986/28.11.2016/4.1.2017 899.00 910.02 STR B-653752 1 899.00 English Books
      Non-fiction New Rohtak Road New Rohtak Road 20/02/2017 BPPD/En/2016-17/286/24.11.2016/4986/28.11.2016/4.1.2017 899.00 910.02 STR B-653759 1 899.00 English Books
      Non-fiction Patel Nagar Patel Nagar 20/02/2017 BPPD/En/2016-17/286/24.11.2016/4986/28.11.2016/4.1.2017 899.00 910.02 STR B-653753 1 899.00 English Books
      Non-fiction R.K.Puram-8 R.K.Puram-8 22/12/2016 DBAD/PUB 899.00 910.02 STR EN-100428 1 899.00 English Books
      Non-fiction R.K.Puram-8 R.K.Puram-8 20/02/2017 BPPD/En/2016-17/286/24.11.2016/4986/28.11.2016/4.1.2017 899.00 910.02 STR B-653757 1 899.00 English Books
      Non-fiction Sarojini Nagar Sarojini Nagar 20/02/2017 BPPD/En/2016-17/286/24.11.2016/4986/28.11.2016/4.1.2017 899.00 910.02 STR B-653756 1 899.00 English Books
      Non-fiction Shahdara Branch Shahdara Branch 20/02/2017 BPPD/En/2016-17/286/24.11.2016/4986/28.11.2016/4.1.2017 899.00 910.02 STR B-653763 1 899.00 English Books
      Non-fiction Yojana Vihar Yojana Vihar 20/02/2017 BPPD/En/2016-17/286/24.11.2016/4986/28.11.2016/4.1.2017 899.00 910.02 STR B-653764 1 899.00 English Books

© Delhi Public Library
Hit Counter
free hit counter